Tribhuvan University Central Library

The teaching and acquisition of South Asian language (Record no. 61814)

MARC details
000 -LEADER
fixed length control field 00734 a2200265 4500
020 ## - INTERNATIONAL STANDARD BOOK NUMBER
International Standard Book Number 0-8122-3328-x
041 ## - LANGUAGE CODE
Language code of text/sound track or separate title Eng.
082 ## - DEWEY DECIMAL CLASSIFICATION NUMBER
Classification number 491.107
Item number G142t
100 ## - MAIN ENTRY--PERSONAL NAME
Personal name Gambhir, Vijay, ed.
245 ## - TITLE STATEMENT
Title The teaching and acquisition of South Asian language
260 ## - PUBLICATION, DISTRIBUTION, ETC.
Place of publication, distribution, etc. Philadelphia
Name of publisher, distributor, etc. University of Pennsylvania press
Date of publication, distribution, etc. 1995
300 ## - PHYSICAL DESCRIPTION
Extent xv, 226p.
504 ## - BIBLIOGRAPHY, ETC. NOTE
Bibliography, etc. note P. 216-218
650 ## - SUBJECT ADDED ENTRY--TOPICAL TERM
Topical term or geographic name entry element Foreign speakers
9 (RLIN) 6409
650 ## - SUBJECT ADDED ENTRY--TOPICAL TERM
Topical term or geographic name entry element Hindi language-discourse analysis
650 ## - SUBJECT ADDED ENTRY--TOPICAL TERM
Topical term or geographic name entry element Language & culture
650 ## - SUBJECT ADDED ENTRY--TOPICAL TERM
Topical term or geographic name entry element Study and teaching
650 ## - SUBJECT ADDED ENTRY--TOPICAL TERM
Topical term or geographic name entry element Oral communication
9 (RLIN) 12266
650 ## - SUBJECT ADDED ENTRY--TOPICAL TERM
Topical term or geographic name entry element Lingustic theory
9 (RLIN) 24929
651 ## - SUBJECT ADDED ENTRY--GEOGRAPHIC NAME
Geographic name South Asian
9 (RLIN) 24930
653 ## - INDEX TERM--UNCONTROLLED
Uncontrolled term Language
942 ## - ADDED ENTRY ELEMENTS (KOHA)
Source of classification or shelving scheme Dewey Decimal Classification
Koha item type General Collections
518 ## - DATE/TIME AND PLACE OF AN EVENT NOTE
-- 2068-4-25
530 ## - ADDITIONAL PHYSICAL FORM AVAILABLE NOTE
-- M
Holdings
Withdrawn status Lost status Source of classification or shelving scheme Damaged status Not for loan Home library Current library Date acquired Total Checkouts Full call number Barcode Date last seen Price effective from Koha item type
    Dewey Decimal Classification     Tribhuvan University Central Library Tribhuvan University Central Library 08/10/2011   491.107 G142t G44683 08/10/2011 08/10/2011 General Collections